Evaluation of employee work performance – basis for identifying educational needs

Pracovný výkon a metódy aplikované pri hodnotení pracovníkov. Prieskum vzdelávacích potrieb na úrovni jednotlivých zamestnancov na základe ich pracovného výkonu a správania sa.

Gespeichert in:
Bibliographische Detailangaben
1. Verfasser: Matulčíková, Marta, 1964-
Weitere Verfasser: Breveníková, Daniela
Format: Buchkapitel
Sprache:Englisch
Schlagworte:
Tags: Tag hinzufügen
Keine Tags, Fügen Sie das erste Tag hinzu!

MARC

LEADER 00000nla a2200000 4500
001 0235554
005 20240502083627.2
041 0 |a eng 
044 |a CZ 
245 1 0 |a Evaluation of employee work performance – basis for identifying educational needs  |c Marta Matulčíková, Daniela Breveníková 
520 |a Pracovný výkon a metódy aplikované pri hodnotení pracovníkov. Prieskum vzdelávacích potrieb na úrovni jednotlivých zamestnancov na základe ich pracovného výkonu a správania sa. 
610 2 0 |a zamestnanci 
610 2 0 |a hodnotenie pracovníkov 
610 2 0 |a meranie výkonnosti 
610 2 0 |a výkony pracovné 
610 2 0 |a vzdelávanie 
610 2 0 |a vzdelávanie dospelých 
610 2 0 |a podnik 
610 2 0 |a potreby 
610 2 0 |a zvyšovanie kvalifikácie 
610 2 0 |a správanie sociálne 
610 2 0 |a správanie 
610 2 0 |a Slovensko 
100 1 |a Matulčíková, Marta, 1964- 
700 1 |a Breveníková, Daniela